00377nam a2200157Ia 4500008004100000020001800041041000800059082001700067100001700084245004600101250001200147260001900159300000800178365001600186700001700202230718s9999 xx 000 0 und d a81-317-0204-9 aeng a621.395bWAK aWakerly J.F. aDigital Design bPrinciples And Practices a3rd ed. c2006bPearson  a972 cRs.b325.00 aWakerly J.F.